000
00277nam a22001217a 4500
008
181009b xxu||||| |||| 00| 0 eng d
041
_a
eng
080
_a
821
100
_a
21
101
_a
GJL
245
_a
The Complete Plays of Christopher Marlowe
_c
Ribner
942
_2
udc
_c
BK
999
_c
49135
_d
49135